00422nam a2200157 a 450000100060000000300090000600800410001502000150005604000280007108200160009910000220011524500340013726000520017130000090022365000320023220283CO-ViMGA141112s2004 ck r 000 u spa d a9681608534 aCO-ViMGAbspacCO-ViMGA04a780.9 D836b1 aDufourcq, Norbert10aBreve historia de la Música aMexico : bFondo de Cultura Económica, c1995 a239p14aMUSICA - HISTORIA Y CRITICA